| 000 | 00823nam a2200205Ia 4500 | ||
|---|---|---|---|
| 008 | 110201s9999 xx 000 0 und d | ||
| 082 |
_bB1468 _aN 20 |
||
| 100 | _aकलगुटकर हिराकांत | ||
| 100 | _aकानेटकर वसंत | ||
| 245 | _aमाझी बायको माझी मेहुणी | ||
| 260 | _bमेहता पब्लिशिंग हाऊस | ||
| 365 | _b6 | ||
| 600 | _aकलगुटकर हिराकांत | ||
| 600 | _aकानेटकर वसंत | ||
| 630 | _aमाझी बायको माझी मेहुणी | ||
| 700 | _aकलगुटकर हिराकांत | ||
| 700 | _aकानेटकर वसंत | ||
| 730 | _aमाझी बायको माझी मेहुणी | ||
| 942 | _cBOOK | ||
| 999 |
_c828708 _d828705 |
||